Laddar...
Paprika- A dollar earning crops
| Huvudupphovsman: | |
|---|---|
| Övriga upphovsmän: | |
| Materialtyp: | Printed Book |
| Språk: | Undetermined |
| Publicerad: |
Vellanikkara
KAU
1997
|
| Ämnen: |
| LEADER | 00539nam a2200169Ia 4500 | ||
|---|---|---|---|
| 008 | 140316s9999 xx 000 0 und d | ||
| 082 | |a 583.952 |b IND/PA | ||
| 100 | |a Indira,P | ||
| 245 | |a Paprika- A dollar earning crops | ||
| 260 | |a Vellanikkara |b KAU |c 1997 | ||
| 300 | |a 19 | ||
| 650 | |a KAU | ||
| 650 | |a Kerala Agricultural University | ||
| 700 | |a Rajan,S | ||
| 942 | |2 ddc |c REF | ||
| 999 | |c 24226 |d 24226 | ||
| 952 | |0 0 |1 0 |2 ddc |4 0 |6 583_952000000000000_INDPA |7 0 |9 32184 |a KAUCLV |b KAUCLV |c IR |d 2014-03-18 |o 583.952 IND/PA |p 806456 |r 2014-03-18 |w 2014-03-18 |y REF | ||